000 00806nas a2200265 4500
001 BR9208407
003 BR-BrBNA
005 20231205093110.0
007 ta
008 230509b bl.|||p| |||| 00| 00por d
040 _aBR-BrBNA
_bpor
_cBiblioteca Nacional de Agricultura
041 _a(Pt)
072 _aH10
100 1 _aVernalha, M.M.
100 1 _aGabardo, J.C.
100 1 _aSilva, R.P.
100 1 _aCosta, F.A.R. da
100 1 _aLeal, J.
245 1 _aSobre a progenie da Perileucoptera coffeella (Guer. - Men., 1842)(Lepidopterra-Lyonetidae)
650 _aBICHO MINEIRO
650 _aFLUTUACAO POPULACIONAL
773 0 _tActa Biologica Paranaense (Brazil)
_xISSN 0301-2123
_g(1977), v. 6(1-4) p. 51-56
_wBR9208407
909 _a202311
_bLúcia
_c55
_dLúcia Elande
942 _2AGRIS
_n0
_cANA
999 _c136227
_d136227